| 000 | 02298cam a22002054a 4500 | ||
|---|---|---|---|
| 005 | 20250605164058.0 | ||
| 008 | 250528s ||||||||||||||||||||||||d | ||
| 035 | _a17529 | ||
| 020 | _a960120671 | ||
| 040 |
_aGR-AtMCL _bgre _dGR-AtMCL _eAACR2 |
||
| 245 | 1 | _aΨυχολογία των Διαταραχών του Λόγου | |
| 250 | _a1η | ||
| 260 |
_bUniversity Studio Press, _c1998 |
||
| 300 | _a412 | ||
| 520 | _aΤο παρόν πόνημα διαπραγματεύεται ένα ευαίσθητο πρόβλημα, την ψυχολογία των διαταραχών του λόγου. Εισαγωγή, Ψυχολογικές Θεωρίες της Εξέλιξης του Λόγου, Η Σχέση της Ψυχολογίας με τις Επιστήμες του Λόγου, Εισαγωγικά Ερωτήματα για τη Λογοθεραπεία και Λογοπαιδεία, Ο Σχηματισμός του Λόγου στο Παιδί, Η Έγκαιρη Ψυχοπαιδαγωγική Διάγνωση των Παιδιών με Διαταραχές, Ανεπάρκειες στην Προφορά των Ήχων, Σιγματισμός (Sigmatismus), Λαθεμένη Προφορά Άλλων Ήχων Συμφώνων, Ελαττωματική Προφορά των Φωνητικών ή Ηχητικών Ήχων (Φωνήεντα), Βαριές Μορφές Διαταραχής της Προφοράς, Ρινολαλία (Rhinolalia), Εισαγωγή στη Φυσιολογία και στην Παθολογία του Λόγου, Διαταραχές στο Ρυθμό και τη Χροιά της Φωνής, Λεκτικές Διαταραχές Παρόμοιες με τον Τραυλισμό,Το Σύνδρομο της Αριστεροχειρίας και η Επίδραση του στις Λεκτικές Διαταραχές, Η Εξέλιξη της Ικανότητας Ανάγνωσης-Γραφής και οι Διαταραχές τους, Διαταραχές του Λόγου στους Βαρήκοους, Δομή και Οργάνωση της Λογοπεδικής Εργασίας, Βιβλιογραφία. | ||
| 700 | 1 |
_aΣερδάρης Παναγιώτης _93676 |
|
| 942 | _cBK | ||
| 999 |
_c2937 _d2937 |
||